[Event "Guillermo Garcia Memorial-D"]
[Site "Santa Clara"]
[Date "2024.05.20"]
[Round "8"]
[White "Calzadilla Gonzalez, David Alejan"]
[Black "Franco Aquilar, Orelvis"]
[Result "1-0"]
[WhiteElo "1975"]
[BlackElo "2152"]
[PlyCount "59"]
[EventDate "2024.05.14"]
[EventType "swiss"]
[EventRounds "9"]
[EventCountry "CUB"]
[SourceTitle "CBM 220 Extra"]
[Source "ChessBase"]
[SourceDate "2024.07.31"]
[SourceVersion "1"]
[SourceVersionDate "2024.07.31"]
[SourceQuality "1"]

1. e4 c5 2. Nf3 d6 3. d4 cxd4 4. Nxd4 Nf6 5. Nc3 a6 6. Bg5 e6 7. f4 b5 8. e5 dxe5 9. fxe5 Qc7 10. Qe2 Nfd7 11. 0-0-0 Bb7 12. Nf5 exf5 13. e6 Nf6 14. Bxf6 gxf6 15. exf7+ Kxf7 16. Qh5+ Kg7 17. Rd3 Bd6 18. Be2 Bf4+ 19. Kb1 Rc8 20. Qxf5 Qe5 21. Qg4+ Kh8 22. Rf1 b4 23. Nd5 Bh6 24. Rf5 Qxh2 25. Rh5 Qg1+ 26. Rd1 Qc5 27. Bd3 Bxd5 28. Rxh6 Ra7 29. Bxh7 Rg7 30. Qxc8+ 1-0

[Event "Guillermo Garcia Memorial-D"]
[Site "Santa Clara"]
[Date "2024.05.17"]
[Round "5"]
[White "Calzadilla Gonzalez, David Alejan"]
[Black "Charon Mustelier, Manuel"]
[Result "1-0"]
[WhiteElo "1975"]
[BlackElo "2131"]
[PlyCount "65"]
[EventDate "2024.05.14"]
[EventType "swiss"]
[EventRounds "9"]
[EventCountry "CUB"]
[SourceTitle "CBM 220 Extra"]
[Source "ChessBase"]
[SourceDate "2024.07.31"]
[SourceVersion "1"]
[SourceVersionDate "2024.07.31"]
[SourceQuality "1"]

1. e4 e5 2. Nf3 Nc6 3. Bb5 f5 4. d3 fxe4 5. dxe4 Nf6 6. 0-0 d6 7. Nc3 Bg4 8. h3 Bh5 9. a3 Be7 10. g4 Bf7 11. Ng5 Bg8 12. Be3 h5 13. Nd5 Nxd5 14. exd5 Bxg5 15. dxc6 b6 16. f4 exf4 17. Bxf4 Rh6 18. Qd4 Qe7 19. Rae1 Re6 20. Bxg5 Qxg5 21. Bc4 Rxe1 22. Rxe1+ Kf8 23. Qf2+ Qf6 24. Qxf6+ gxf6 25. Bxg8 Kxg8 26. Re7 Rc8 27. Kf2 hxg4 28. hxg4 a5 29. Kf3 Kf8 30. Rd7 Re8 31. Rxc7 Re5 32. b4 axb4 33. axb4 1-0

[Event "Holguin Regional-ch sf"]
[Site "Holguin"]
[Date "2023.10.11"]
[Round "1"]
[White "Gonzalez Pupo, Daniel"]
[Black "Calzadilla Gonzalez, David Alejan"]
[Result "1/2-1/2"]
[WhiteElo "2067"]
[BlackElo "1729"]
[PlyCount "53"]
[EventDate "2023.10.11"]
[EventType "swiss"]
[EventRounds "7"]
[EventCountry "CUB"]
[SourceTitle "CBM 216 Extra"]
[Source "ChessBase"]
[SourceDate "2023.11.30"]
[SourceVersion "1"]
[SourceVersionDate "2023.11.30"]
[SourceQuality "1"]

1. d4 d5 2. Nf3 Nf6 3. e3 Bf5 4. Bd3 Bxd3 5. Qxd3 c6 6. 0-0 e6 7. Ne5 Nbd7 8. f4 Ne4 9. Nd2 Nxd2 10. Bxd2 f5 11. Rf3 Nxe5 12. fxe5 Be7 13. Raf1 Qd7 14. Ba5 0-0 15. a3 g6 16. Be1 Rad8 17. g4 fxg4 18. Rf4 Bg5 19. Rxg4 Rxf1+ 20. Kxf1 Qf7+ 21. Kg1 Bh6 22. Bh4 Rf8 23. Bf6 Bg7 24. Rf4 Bxf6 25. Rxf6 Qe7 26. Rxf8+ Qxf8 27. Kg2 1/2-1/2